Знакомые люди: повесть; рассказы

Bibliografiset tiedot
Päätekijä: Грекова И.
Yhteenveto:В книгу И. Грековой поместился весь XX век — его прожили, от любили и отстрадали ее герои. Пожилой профессор, вспоминающий дореволюционное детство, офицер, переживший страшный 1937 год, талантливая женщина-ученый, которой коллеги-интриганы не дают заниматься наукой, или консьержка, что копит на цветной телевизор... Эти истории происходили в каждой семье, а их герои — такие знакомые люди...
Kieli:venäjä
Julkaistu: Москва, АСТ, 2010
Sarja:Проза: женский род
Aiheet:
Aineistotyyppi: Kirja
KOHA link:https://koha.lib.tpu.ru/cgi-bin/koha/opac-detail.pl?biblionumber=194886

MARC

LEADER 00000nam0a2200000 4500
001 194886
005 20231101224602.0
010 |a 9785170663613 
010 |a 978-5-271-27436-7 
035 |a (RuTPU)RU\TPU\book\212563 
090 |a 194886 
100 |a 20110426d2010 m y0rusy50 ca 
101 0 |a rus 
102 |a RU 
105 |a y z 000ay 
200 1 |a Знакомые люди  |e повесть  |e рассказы  |f И. Грекова 
210 |a Москва  |c АСТ  |c Астрель  |d 2010 
215 |a 383 с. 
225 1 |a Проза: женский род 
330 |a В книгу И. Грековой поместился весь XX век — его прожили, от любили и отстрадали ее герои. Пожилой профессор, вспоминающий дореволюционное детство, офицер, переживший страшный 1937 год, талантливая женщина-ученый, которой коллеги-интриганы не дают заниматься наукой, или консьержка, что копит на цветной телевизор... Эти истории происходили в каждой семье, а их герои — такие знакомые люди... 
610 1 |a русская литература 
610 1 |a женская проза 
610 1 |a повести 
610 1 |a рассказы 
675 |a Р2  |v 3 
700 1 |a Грекова  |b И.  |c настоящие имя и фамилия Елена Сергеевна Вентцель  |c русский математик, прозаик, популяризатор науки  |c доктор технических наук, профессор  |c урожденная Долгинцева  |f 1907-2002  |2 stltpush  |3 (RuTPU)RU\TPU\pers\15430  |9 5342 
801 1 |a RU  |b 63413507  |c 20110426 
801 2 |a RU  |b 63413507  |c 20110506  |g RCR 
942 |c BK